Licenčné zmluvy a podnikateľská prax uzatváranie a podrobnejšie podmienky licenčných vzťahov

Bežné príčiny a právny základ uzatvárania licenčných zmlúv pri obchodovaní s duševným vlastníctvom. Výhody uzatvorenia licenčnej zmluvy. Druhy licenčných zmlúv: nútená licencia, opčná zmluva a známková licencia. Rozlišovanie licenčných zmlúv podľa rôznych hľadísk. Určenie ceny licencie, licenčné pop...

Ausführliche Beschreibung

Gespeichert in:
Bibliographische Detailangaben
1. Verfasser: Pauličková, Alena
Weitere Verfasser: Králik, Jozef
Format: Buchkapitel
Sprache:Slowakisch
Schlagworte:
Tags: Tag hinzufügen
Keine Tags, Fügen Sie das erste Tag hinzu!

MARC

LEADER 00000naa a2200000 4500
001 r033342
005 20230824095752.6
041 0 |a slo 
044 |a SK 
245 1 0 |a Licenčné zmluvy a podnikateľská prax  |b uzatváranie a podrobnejšie podmienky licenčných vzťahov  |c Alena Pauličková, Jozef Králik 
520 |a Bežné príčiny a právny základ uzatvárania licenčných zmlúv pri obchodovaní s duševným vlastníctvom. Výhody uzatvorenia licenčnej zmluvy. Druhy licenčných zmlúv: nútená licencia, opčná zmluva a známková licencia. Rozlišovanie licenčných zmlúv podľa rôznych hľadísk. Určenie ceny licencie, licenčné poplatky a zdaňovanie licenčných zmlúv. 
610 2 0 |a zmluvy licenčné 
610 2 0 |a licencie 
610 2 0 |a vlastníctvo duševné 
610 2 0 |a poplatky 
610 2 0 |a zdaňovanie 
610 2 0 |a vzťahy zmluvné 
610 2 0 |a Slovensko 
100 1 |a Pauličková, Alena 
700 1 |a Králik, Jozef